|
|
|
|
| LEADER |
00968nam a22002177a 4500 |
| 001 |
4867 |
| 003 |
BD-DhAAL |
| 005 |
20150110151542.0 |
| 008 |
150110s1992 b ||||| |||| 00| 0 ben d |
| 040 |
|
|
|a BD-DhAAL
|c BD-DhAAL
|
| 082 |
|
|
|2 22
|a 306
|
| 245 |
|
|
|a বাংলাদেশে নৃবিজ্ঞান :
|c হেলালউদ্দীন খান আরেফিন সম্পাদিত
|
| 260 |
|
|
|a ঢাকা :
|b সমাজ নিরীক্ষণ কেন্দ্র,
|c ১৯৯২
|
| 300 |
|
|
|a ৯০ পৃ. :
|c ২২ সে. মি.
|
| 541 |
|
|
|e 4867
|
| 650 |
|
|
|a Anthropology
|z Bangladesh
|9 7304
|
| 700 |
|
|
|a আরেফিন, হেলালউদ্দীন খান
|9 7305
|
| 852 |
|
|
|a Ayesha Abed Library
|b General Stacks
|
| 942 |
|
|
|2 ddc
|c BK
|
| 999 |
|
|
|c 33446
|d 33446
|
| 952 |
|
|
|0 0
|1 0
|2 ddc
|4 0
|6 306_000000000000000_BAN
|7 0
|9 44707
|a BRACUL
|b BRACUL
|c GEN
|d 2015-01-10
|g 60.00
|l 1
|m 1
|o 306 BAN
|p 3010004867
|r 2019-09-17
|s 2019-09-09
|t 1
|w 2015-01-10
|y BK
|